Online
Catalog

Espacios sagrados : (Record no. 47760)

MARC details
000 -CABECERA
campo de control de longitud fija 01278nam a2200277 i 4500
001 - NÚMERO DE CONTROL
campo de control 000048272
003 - IDENTIFICADOR DEL NÚMERO DE CONTROL
campo de control DO-SdBNP
005 - FECHA Y HORA DE LA ÚLTIMA TRANSACCIÓN
campo de control 20250407101709.0
007 - CAMPO FIJO DE DESCRIPCIÓN FÍSICA--INFORMACIÓN GENERAL
campo de control de longitud fija ta
008 - DATOS DE LONGITUD FIJA--INFORMACIÓN GENERAL
campo de control de longitud fija 181211s2016 dr abc 000 m spa d
040 ## - FUENTE DE LA CATALOGACIÓN
Centro catalogador/agencia de origen DO-SdBNP
Lengua de catalogación spa
Centro/agencia transcriptor BNPHU
Normas de descripción rda
082 #4 - NÚMERO DE LA CLASIFICACIÓN DECIMAL DEWEY
Número de clasificación xxxx
Número de documento/Ítem xxx
Número de edición 22
100 1# - ENTRADA PRINCIPAL--NOMBRE DE PERSONA
Nombre de persona Rivera, Rosanna,
Término indicativo de función/relación autor
Código de función/relación aut.
9 (RLIN) 75705
245 10 - MENCIÓN DE TÍTULO
Título Espacios sagrados :
Resto del título inspirados por la fe para venerar, meditar y celebrar en la Ciudad Colonial de Santo Domingo /
Mención de responsabilidad, etc. textos, Rosanna Rivera, Martha Lugo, María Teresa Ruiz de Catrain ; illustración, Julián Amado
246 ## - FORMA VARIANTE DE TÍTULO
Título propio/Titulo breve Sacred spaces : in which to venerate, meditate and celebrate, inspired by faith in the colonial city of Santo Domingo.
Resto del título in which to venerate, meditate and celebrate, inspired by faith in the colonial city of Santo Domingo.
264 #1 - PRODUCCIÓN, PUBLICACIÓN, DISTRIBUCIÓN, FABRICACIÓN Y COPYRIGHT
Producción, publicación, distribución, fabricación y copyright Santo Domingo :
Nombre del de productor, editor, distribuidor, fabricante BanReservas,
Fecha de producción, publicación, distribución, fabricación o copyright 2016.
300 ## - DESCRIPCIÓN FÍSICA
Extensión 184 páginas :
Otras características físicas ilustraciones, mapas, retratos ;
Dimensiones 32 cm.
336 ## - TIPO DE CONTENIDO
Término de tipo de contenido texto
Código de tipo de contenido txt
Fuente rdacontent
337 ## - TIPO DE MEDIO
Nombre/término del tipo de medio sin mediación
Código del tipo de medio n
Fuente rdamedia
338 ## - TIPO DE SOPORTE
Nombre/término del tipo de soporte volumen
Código del tipo de soporte nc
Fuente rdacarrier
590 ## - NOTA LOCAL (RLIN)
Nota local Inventariado, 2019/LP
700 1# - PUNTO DE ACCESO ADICIONAL--NOMBRE DE PERSONA
Nombre de persona Lugo, Martha,
Término indicativo de función/relación autor
Código de función/relación aut.
9 (RLIN) 43160
700 1# - PUNTO DE ACCESO ADICIONAL--NOMBRE DE PERSONA
Nombre de persona Ruiz de Catrain, María Teresa,
Término indicativo de función/relación autor
Código de función/relación aut.
9 (RLIN) 22649
700 1# - PUNTO DE ACCESO ADICIONAL--NOMBRE DE PERSONA
Nombre de persona Amado, Julián
Término indicativo de función/relación ilustrador
9 (RLIN) 75706
Código de función/relación il.
942 ## - ELEMENTOS DE PUNTO DE ACCESO ADICIONAL (KOHA)
Fuente del sistema de clasificación o colocación Dewey Decimal Classification
Tipo de ítem Koha Libro
Holdings
Estado de retiro Estado de pérdida Fuente del sistema de clasificación o colocación Restricciones de uso No para préstamo Código de colección Localización permanente Ubicación/localización actual Ubicación en estantería Fecha de adquisición Total de préstamos Signatura topográfica completa Código de barras Fecha visto por última vez Precio válido a partir de Tipo de ítem Koha Fuente de adquisición Número de copia
    Dewey Decimal Classification Excluido de préstamo   Patrimonio Dominicano Biblioteca Nacional Pedro Henríquez Ureña Biblioteca Nacional Pedro Henríquez Ureña En catalogación 11.12.2018   BNPHU PD R621e 48272-10 25.06.2020 25.06.2020 Libro    
    Dewey Decimal Classification Excluido de préstamo   Patrimonio Dominicano Biblioteca Nacional Pedro Henríquez Ureña Biblioteca Nacional Pedro Henríquez Ureña En catalogación 07.04.2025   BNPHU PD R621e 2025-2756 07.04.2025 07.04.2025 Libro Donado por el Ministerio de la Mujer. e.2

Powered by Koha